| 000 | 01045nas a2200349 4500 | ||
|---|---|---|---|
| 001 | BR2013009980 | ||
| 003 | BR-BrBNA | ||
| 005 | 20231205123347.0 | ||
| 007 | ta | ||
| 008 | 230509b bl.|||p| |||| 00| 00por d | ||
| 040 |
_aBR-BrBNA _bpor _cBiblioteca Nacional de Agricultura |
||
| 041 | _a(Pt) | ||
| 072 | _aQ04 | ||
| 100 | 1 | _aBittencourt, R.H.F.P. de M. | |
| 100 | 1 | _aCortez, M.A.S. | |
| 100 | 1 | _aMársico, E.T. | |
| 100 | 1 | _aRosa, R.M.S.S. | |
| 100 | 1 | _aTaxi, C.M.A.D. | |
| 100 | 1 | _aFaturi, C. | |
| 100 | 1 | _aErmita, P.A.N. | |
| 245 | 1 | _aCaracterização de requeijão Marajoara e Minas Frescal produzidos com leite de búfalas no estado do Pará, Brasil | |
| 650 | _aBUFÁLO | ||
| 650 | _aLEITE | ||
| 650 | _aREQUEIJÃO | ||
| 650 | _aQUEIJO | ||
| 650 | _aPROPRIEDADE FÍSICO-QUÍMICA | ||
| 650 | _aCOMPOSIÇÃO QUÍMICA | ||
| 650 | _aPARÁ | ||
| 773 | 0 |
_tCiência Rural (Brazil) _xISSN 0103-8478 _g(Sep 2013), v. 43(9) p. 1687-1692 _wBR2013009980 |
|
| 909 |
_a202311 _bLúcia _c55 _dLúcia Elande |
||
| 942 |
_2AGRIS _n0 _cANA |
||
| 999 |
_c233508 _d233508 |
||